Taskmaster Trivia 2 - Statistics

General Stats
  • This quiz has been taken 494 times
  • The average score is 8 of 15
Answer Stats
Question Answer % Correct
What is the name of the Taskmaster's assistant? Alex Horne
100%
Which TV channel does Taskmaster air on? Dave
90%
Which animal did Sally Phillips have to make puns about? Fish
79%
What is the most points someone has ever received for a task? 15
75%
Who was the winner of series 3? Rob Beckett
74%
Who was Tim Key's teammate during team tasks? Frank Skinner
71%
With what did contestants play mini golf with in series 1? Eggs
67%
According to Lolly Adefope, what is friendship? Truth
57%
With which item did Hugh Dennis make a 30 second long noise? Belt
53%
Which bird did Mel Giedroyc describe Noel Fielding as during the 'highest splash' task? Crow
49%
Sara Pascoe claimed that was hidden away in a shoebox? Snake
39%
Which character did Paul Chowdhry invent and dress up as to surprise Alex? Brown Clown
33%
Which word did Liza Tarbuck exclaim while riding a bicycle? BMXing
24%
Members from which band sang the song "You're the best thing" in the Champion of Champions? Kasabian
15%
According to Jessica Knappett, what does Greg have on the side of his face? Oblong
7%
No matching quizzes found
Score Distribution
Percent of People with Each Score
Percentile by Number Answered
Your Score History
You have not taken this quiz